| 000 | nkm a22 a 4500 | ||
|---|---|---|---|
| 999 |
_c491692 _d491692 |
||
| 003 | BLK | ||
| 005 | 20230519135158.0 | ||
| 008 | 180413b bul rap|r|||| r0| ||bulo| | ||
| 010 | _aKNG00209112000 | ||
| 020 | _a9786197198591 | ||
| 040 | _aBLK | ||
| 041 |
_aBUL _cBUL _hENG |
||
| 080 |
_aИздания за деца и юноши. Книжки-картинки. Читанки. Вж и 372.4 _b087.5 _z087.5 |
||
| 139 |
_aКукери _bК 93 |
||
| 245 | 1 | 0 |
_aКукери _bОцветяване, рисуване, любопитни факти _c [състав. Петя Димитрова] ; [худож. Силвия Ганчева] |
| 246 | _a= Kukeri : colouring, painting, curious facts ; [ill. Silvia Gancheva] / [transl. from Bulg. to Eng. lang. Albena Agasyan] | ||
| 250 | _a2. изд. | ||
| 257 | _aBGR | ||
| 260 |
_aСофия _bБГкнига _c2018 _fСофия : Д. Благоев |
||
| 300 |
_a32 л. _bс ил., 2 л. цв. ил. _c28 см |
||
| 380 | _aDN | ||
| 490 |
_aПоредица Съкровищата на България _9209171 |
||
| 500 | _aСведения за авт. отговорност отбелязани на гърба на загл. с. | ||
| 700 | 1 |
_aДимитрова, Петя Валентинова _eсъстав. _9353056 |
|
| 700 |
_aГанчева, Силвия Иванова _eхудож. _9353057 |
||
| 700 |
_aАгасян, Албена Фран _etransl. _9322 |
||
| 856 | 4 |
_qpdf _u _i0.00 _ldisable |
|
| 856 | 4 |
_qpdf _u _i0.00 _ldisable |
|
| 942 |
_cGRA _n0 _s1 _01 |
||
| 944 |
_aCR _c2023-05-19 |
||